000 01010nam a2200361 b 4500
001 006992
003 DO-SdBNP
005 20160829111920.0
007 006992
008 971010s1981 mx | ||| ||spa
016 7 _a
_2BPMSU
017 _a
_b
020 _a9684192800
035 _a
040 _aBPMSU
_bspa
_cBPMSU
_e
041 1 _aspa
_h
080 0 _a
082 _a158.1
_bC752c
100 1 _aConklin, Robert
240 1 0 _aHow to get people to do things
_lEspañol
245 1 _aCómo hacer que la gente haga cosas /
_h
_cRobert Conklin ; traducción de María Antonia Menini
250 _a
260 _aBarcelona :
_bGrijalbo,
_c1981
300 _a290 p. ;
_c21 cm
490 _aAutoayuda y superación
650 7 _aSEGURIDAD (PSICOLOGÍA)
_2
650 7 _aMOTIVACIÓN (PSICOLOGÍA)
650 7 _a
_2
700 _aMenini Pagés, María Antonia,
_etr.
830 _aAutoayuda y superación
942 _2ddc
_cBK
956 _aVMATEO
_b10
_c20160829
_dBPMSU
_f0069
999 _c11201
_d11201